| 000 | 00688cam a2200205 4500 | ||
|---|---|---|---|
| 001 | D16273 | ||
| 008 | 090401t1985 xxu||||| |||| 00| 0 eng d | ||
| 035 | _a(Sirsi) u28336 | ||
| 041 | _aeng | ||
| 050 | _a526 | ||
| 110 |
_aRoyal Institution of Chartered Surveyors _94900 |
||
| 245 | _aSurvey and mapping 85: the 2nd UK national land surveying and mapping conference and exhibition [at] University of Reading 25 - 29 March 1985 | ||
| 260 |
_aLondon _bSurveyors Technical Services _c1985 |
||
| 300 | _aAttendance list. biographical notes. 34 papers | ||
| 350 | _a0 | ||
| 520 | _aFiled in box RICS 1985/11 ABC | ||
| 650 | _aSURVEY AND MAPPING 85 | ||
| 942 | _n0 | ||
| 948 | _c04/03/1997 | ||
| 999 |
_c89240 _d89240 |
||